Türkçe-İngilizce resimli ansiklopedik sözlük (Record no. 2912)
[ view plain ]
| 000 -BAŞLIK | |
|---|---|
| Sabit Uzunlukta Kontrol Alanı | 00886na a2200253 4500 |
| 001 - KONTROL NUMARASI | |
| Denetim Alanı | 14466 |
| 003 - KONTROL NUMARASI IDENTIFIER | |
| Denetim Alanı | MIRAKIL |
| 005 - SON İŞLEM TARİHİ VE ZAMANI | |
| Denetim Alanı | 20181213154913.0 |
| 008 - SABİT-BOY VERİ ELEMANLARI - GENEL BİLGİLER | |
| Sabit Uzunlukta Kontrol Alanı | 160828b tu 000 0 |
| 020 ## - ULUSLARARASI STANDART KİTAP NUMARASI | |
| Uluslararası Standart Kitap Numarası | 9751120756 |
| 040 ## - KATALOGLAMA KAYNAK | |
| Orijinal Kataloglama Ajansı | Milas |
| Kataloglama Dili | tur |
| Metne Dönüştürmek Ajansı | TR-AnCHP |
| 082 ## - DEWEY ONLU SINIFLANDIRMA NUMARASI | |
| Sınıflandırma Numarası | DAN 413.21 |
| Ürün Numarası | T96 2001 |
| 090 ## - SINIFLAMA NUMARASI | |
| Sınıflama Numarası | DAN 413.21 T96 2001 |
| 245 ## - BAŞLIK TABLOSU | |
| Başlık | Türkçe-İngilizce resimli ansiklopedik sözlük |
| Başlığın Kalan | = Turkish-English pictured encyclopedic-dictionary |
| Sorumluluk Tablosu, Vb | hazırlayan = prepared by İrfan Uğurlu |
| 246 ## - UNVAN FORM VARYING | |
| Başlık Doğru / Kısa Başlığı | Turkish-English pictured encyclopedic-dictionary |
| 260 ## - YAYIN, DAĞITIM, VB | |
| Yayın, Dağıtım, Vb Yeri | Ankara |
| Yayıncı, Dağıtıcı, Vs Adı | MEB |
| Yayın, Dağıtım, Vb Tarihi | 2001 |
| 300 ## - FİZİKSEL TANIM | |
| Kapsam | [12], 1423, [4] s. |
| Diğer Fiziksel Ayrıntıları | rnkl. res. |
| Boyutlar | 25 sm. |
| 490 ## - SERİSİ TABLOSU | |
| Seri Beyanı | Sözlük dizisi |
| Hacim / Ardışık Tanımı | 6 |
| 490 ## - SERİSİ TABLOSU | |
| Seri Beyanı | Bilim ve Kültür Eserleri dizisi |
| Hacim / Ardışık Tanımı | 1244 |
| 490 ## - SERİSİ TABLOSU | |
| Seri Beyanı | Milli Eğitim Bakanlığı yayınları |
| Hacim / Ardışık Tanımı | 3537 |
| 650 ## - KONU KATMA GİRİŞ - TOPİKAL DÖNEM | |
| Topikal Süreli Veya Coğrafi Ad Giriş Elemanı | Türk dili |
| Genel Alt Bölümü | Sözlükler |
| Kronolojik Alt Bölümü | İngilizce |
| 700 ## - KATMA GİRİŞ - KİŞİSEL İSİM | |
| Kişisel Ad | Uğurlu, İrfan |
| 942 ## - EKLENDİ GİRİŞ ELEMANLARI (KOHA) | |
| Sınıflandırma Veya Raf Düzeni Kaynak | Dewey Decimal Classification |
| Koha Öğesi Türü | Books |
| 999 ## - SİSTEM KONTROL NUMARALARI (KOHA) | |
| Koha Biblionumber | 2912 |
| Koha Biblioitemnumber | 2912 |
| Kalıcı Konum | Mevcut Konum | Edinme Tarihi | Edinim Kaynak | Toplam Check-Out'Lar | Tam Çağrı Numarası | Barkod | Tarih Son Görülme | İtibaren Geçerli Fiyatlar | Koha Öğesi Türü |
|---|---|---|---|---|---|---|---|---|---|
| CHP Kütüphanesi | CHP Kütüphanesi | 08/28/2016 | Bağış | DAN 413.21 T96 2001 | 002459 | 08/28/2016 | 08/28/2016 | Books |
